| 000 | 00527nam a2200181 i 4500 | ||
|---|---|---|---|
| 001 | 90663 | ||
| 003 | ES-MaACL | ||
| 005 | 20250703062007.0 | ||
| 007 | t| | ||
| 008 | 050124s1921 fr ||||1| fre d | ||
| 100 | 1 |
_aLenôtre, G. _971542 |
|
| 245 | 1 | 3 |
_aLe roi Louis XVII et l'énigme du Temple / _cG. Lenotre. |
| 260 |
_aParis : _bPerrin, _c1921 ( _eLagny : _fE. Grevin) |
||
| 300 |
_a451 p. : _bil. ; _c20 cm. |
||
| 600 | 0 | 7 |
_aLuis _bXVII, _cRey de Francia _2 _9165196 |
| 852 |
_aES-MaACL _jF-2675 |
||
| 999 |
_c90663 _d90663 |
||